[Event "WTCC-65 2018"]
[Site "Radebeul"]
[Date "2018.07.10"]
[Round "4"]
[White "Kierzek, Matthias"]
[Black "Sprotte, Norbert"]
[Result "1/2-1/2"]
[WhiteElo "2247"]
[BlackElo "2143"]
[Annotator "NA"]
[PlyCount "29"]
[EventDate "2018.07.07"]
[EventType "team-tourn"]
[EventCountry "GER"]
[SourceTitle "playchess.com"]
[Source "ChessBase"]
[SourceQuality "1"]
[TimeControl "40/5400+30:1800+30"]

1. d4 {[%emt 0:00:00]} Nf6 {[%emt 0:00:00]} 2. c4 {[%emt 0:00:00]} e6 {[%emt 0:00:20]} 3. Nf3 {[%emt 0:00:00]} d5 {[%emt 0:00:54]} 4. Nc3 {[%emt 0:00:17]} Bb4 {[%emt 0:00:49]} 5. Bg5 {[%emt 0:02:14]} h6 {[%emt 0:01:58]} 6. Bxf6 {[%emt 0:00:20]} Qxf6 {[%emt 0:00:12]} 7. Qa4+ {[%emt 0:00:21]} Nc6 {[%emt 0:00:35]} 8. e3 {[%emt 0:00:11]} O-O {[%emt 0:02:43]} 9. cxd5 {[%emt 0:12:10]} exd5 {[%emt 0:00:30]} 10. Be2 {[%emt 0:00:05]} Rd8 {[%emt 0:21:59]} 11. O-O {[%emt 0:01:29]} Be6 {[%emt 0:14:00]} 12. Ne5 {[%emt 0:27:37]} Bxc3 {[%emt 0:04:57]} 13. Nxc6 {[%emt 0:00:28]} Bd7 {[%emt 0:06:07]} 14. bxc3 {[%emt 0:00:35]} Bxc6 {[%emt 0:02:10]} 15. Bb5 {[%emt 0:07:01]} 1/2-1/2

[Event "WTCC-65 2018"]
[Site "Radebeul"]
[Date "2018.07.10"]
[Round "4"]
[White "Postler, Reinhard"]
[Black "Ackermann, Hans Werner"]
[Result "1/2-1/2"]
[WhiteElo "2243"]
[BlackElo "2267"]
[Annotator "NA"]
[PlyCount "95"]
[EventDate "2018.07.07"]
[EventType "team-tourn"]
[EventCountry "GER"]
[SourceTitle "playchess.com"]
[Source "ChessBase"]
[SourceQuality "1"]
[TimeControl "40/5400+30:1800+30"]

1. e4 {[%emt 0:00:00]} g6 {[%emt 0:00:00]} 2. d4 {[%emt 0:00:00]} d6 {[%emt 0:00:00]} 3. Nc3 {[%emt 0:00:00]} Bg7 {[%emt 0:00:21]} 4. Nf3 {[%emt 0:00:00]} a6 {[%emt 0:01:00]} 5. a4 {[%emt 0:00:45]} Nf6 {[%emt 0:02:59]} 6. Be2 {[%emt 0:02:43]} O-O {[%emt 0:14:35]} 7. O-O {[%emt 0:00:32]} Nc6 {[%emt 0:03:46]} 8. h3 {[%emt 0:17:23]} e6 {[%emt 0:12:13]} 9. Be3 {[%emt 0:14:35]} h6 {[%emt 0:14:44]} 10. Qd2 {[%emt 0:05:14]} Kh7 {[%emt 0:01:39]} 11. Rad1 {[%emt 0:00:34]} Ng8 {[%emt 0:03:10]} 12. d5 {[%emt 0:04:16]} exd5 {[%emt 0:09:33]} 13. exd5 {[%emt 0:01:32]} Nce7 {[%emt 0:01:24]} 14. Nd4 {[%emt 0:02:34]} Nf6 {[%emt 0:02:30]} 15. Bf3 {[%emt 0:02:33]} Nd7 {[%emt 0:04:50]} 16. Rfe1 {[%emt 0:08:04]} Ne5 {[%emt 0:01:54]} 17. Be2 {[%emt 0:00:26]} Nd7 {[%emt 0:03:06]} 18. b3 {[%emt 0:09:00]} a5 {[%emt 0:02:47]} 19. f4 {[%emt 0:05:53]} Nc5 {[%emt 0:03:00]} 20. Bf3 {[%emt 0:02:23]} Bd7 {[%emt 0:03:08]} 21. Bf2 {[%emt 0:03:35]} Ng8 {[%emt 0:01:14]} 22. Ne4 {[%emt 0:02:47]} b6 {[%emt 0:02:03]} 23. Nc3 {[%emt 0:05:46]} Qc8 {[%emt 0:03:52]} 24. Be2 {[%emt 0:00:36]} Nf6 {[%emt 0:01:17]} 25. Bf3 {[%emt 0:02:23]} Ng8 {[%emt 0:02:20]} 26. Nc6 {[%emt 0:02:06]} Qb7 {[%emt 0:01:12]} 27. Ne4 {[%emt 0:01:03]} Nxe4 {[%emt 0:00:30]} 28. Bxe4 {[%emt 0:00:11]} Rae8 {[%emt 0:00:25]} 29. Bf3 {[%emt 0:00:10]} Qa8 {[%emt 0:01:02]} 30. Qd3 {[%emt 0:00:52]} Rxe1+ {[%emt 0:00:36]} 31. Rxe1 {[%emt 0:00:01]} Re8 {[%emt 0:00:05]} 32. Rxe8 {[%emt 0:00:55]} Qxe8 {[%emt 0:00:12]} 33. Nd4 {[%emt 0:00:16]} Ne7 {[%emt 0:02:07]} 34. Nb5 {[%emt 0:00:12]} Bxb5 {[%emt 0:01:06]} 35. axb5 {[%emt 0:00:09]} Ng8 {[%emt 0:00:07]} 36. h4 {[%emt 0:01:24]} Nf6 {[%emt 0:00:30]} 37. h5 {[%emt 0:00:10]} Nd7 {[%emt 0:00:38]} 38. hxg6+ {[%emt 0:03:30]} fxg6 {[%emt 0:00:05]} 39. f5 {[%emt 0:00:50]} Ne5 {[%emt 0:02:07]} 40. fxg6+ {[%emt 0:00:04]} Qxg6 {[%emt 0:00:27]} 41. Be4 {[%emt 0:31:22]} Nxd3 {[%emt 0:30:10]} 42. cxd3 {[%emt 0:01:09]} Bf6 {[%emt 0:00:28]} 43. Be3 {[%emt 0:00:00]} Kg7 {[%emt 0:00:00]} 44. Bxg6 {[%emt 0:00:00]} Kxg6 {[%emt 0:00:00]} 45. g4 {[%emt 0:00:00]} h5 {[%emt 0:00:00]} 46. gxh5+ {[%emt 0:00:00]} Kxh5 {[%emt 0:00:00]} 47. Kf2 {[%emt 0:00:00]} Kg4 {[%emt 0:00:00]} 48. d4 {[%emt 0:00:00]} 1/2-1/2

[Event "WTCC-65 2018"]
[Site "Radebeul"]
[Date "2018.07.10"]
[Round "4"]
[White "Kargoll, Herbert"]
[Black "Shushpanov, Vladimir"]
[Result "0-1"]
[WhiteElo "2230"]
[BlackElo "2198"]
[Annotator "NA"]
[PlyCount "112"]
[EventDate "2018.07.07"]
[EventType "team-tourn"]
[EventCountry "GER"]
[SourceTitle "playchess.com"]
[Source "ChessBase"]
[SourceQuality "1"]
[TimeControl "40/5400+30:1800+30"]

1. e4 {[%emt 0:00:00]} g6 {[%emt 0:00:00]} 2. d4 {[%emt 0:00:00]} Bg7 {[%emt 0:00:00]} 3. Bc4 {[%emt 0:01:04]} c6 {[%emt 0:00:34]} 4. Nc3 {[%emt 0:00:11]} d5 {[%emt 0:00:54]} 5. exd5 {[%emt 0:01:04]} b5 {[%emt 0:00:31]} 6. Bb3 {[%emt 0:03:21]} b4 {[%emt 0:00:14]} 7. Nce2 {[%emt 0:08:35]} cxd5 {[%emt 0:00:20]} 8. a3 {[%emt 0:03:20] B06: Modern Defence} bxa3 {[%emt 0:02:59]} 9. Rxa3 {[%emt 0:00:10]} e6 {[%emt 0:04:10]} (9... Nf6 10. Nf3 O-O 11. O-O Nc6 12. Ne5 Bb7 13. Nd3 Ne4 14. c3 Na5 15. Bc2 Nc4 16. Ra2 e6 17. Ng3 Ned6 18. Re1 Bc6 19. Bf4 Re8 {½-½ (113) Korobov,A (2692)-Shtembuliak,E (2478) Rivne 2016}) 10. Nf3 {[%emt 0:09:39]} Ne7 {[%emt 0:01:20]} 11. Bf4 {[%emt 0:10:45]} Nbc6 {[%emt 0:02:11]} 12. Ne5 $146 {[%emt 0:03:00]} ({Predecessor:} 12. O-O O-O 13. Qd2 a5 14. Rfa1 Ba6 15. Nc1 Nf5 {½-½ (63) Germer,P (2177)-Skembris,S (2463) Baden 2012}) 12... O-O {[%emt 0:02:35]} 13. Nxc6 {[%emt 0:01:27]} Nxc6 {[%emt 0:00:04]} 14. Qd2 {[%emt 0:00:16]} Ne7 {[%emt 0:10:12]} 15. Bh6 {[%emt 0:15:32]} Qb6 {[%emt 0:03:31]} 16. Bxg7 {[%emt 0:00:23]} Kxg7 {[%emt 0:00:03]} 17. O-O {[%emt 0:04:04]} Ba6 {[%emt 0:00:42]} 18. Rd1 {[%emt 0:03:18]} Bxe2 {[%emt 0:01:41]} 19. Qxe2 {[%emt 0:00:01]} a5 {[%emt 0:00:58]} 20. c4 {[%emt 0:03:51]} dxc4 {[%emt 0:03:06]} 21. Bxc4 {[%emt 0:00:07]} Rfd8 {[%emt 0:01:26]} 22. h4 {[%emt 0:05:00]} h5 {[%emt 0:02:21]} 23. Qe5+ {[%emt 0:03:22]} Kg8 {[%emt 0:02:13]} 24. Rb3 {[%emt 0:00:05]} Qd6 {[%emt 0:03:57]} 25. Qf6 {[%emt 0:02:30]} Nd5 {[%emt 0:02:40]} 26. Qf3 {[%emt 0:01:23]} Rab8 {[%emt 0:05:38]} 27. Rxb8 {[%emt 0:01:28]} Qxb8 {[%emt 0:00:31]} 28. b3 {[%emt 0:03:04]} Qb4 {[%emt 0:02:50]} 29. Ra1 {[%emt 0:01:05]} Nb6 {[%emt 0:03:43]} 30. Bxe6 {[%emt 0:08:04]} fxe6 {[%emt 0:00:27]} 31. Qf6 {[%emt 0:00:01]} Qxd4 {[%emt 0:01:25]} 32. Qxg6+ {[%emt 0:00:21]} Kf8 {[%emt 0:00:52]} 33. Rxa5 {[%emt 0:00:35]} Qxh4 {[%emt 0:04:59]} 34. Qh6+ {[%emt 0:00:33]} Ke7 {[%emt 0:01:08]} 35. Qh7+ {[%emt 0:02:08]} Kd6 {[%emt 0:02:55]} 36. Rxh5 {[%emt 0:00:13]} Qd4 {[%emt 0:00:53]} 37. Rh3 {[%emt 0:00:27]} Nd5 {[%emt 0:00:44]} 38. Qb7 {[%emt 0:01:27]} Qb6 {[%emt 0:02:20]} 39. Qg7 {[%emt 0:01:02]} Qb4 {[%emt 0:01:46]} 40. Qg3+ {[%emt 0:01:25]} Qf4 {[%emt 0:00:45]} 41. Qd3 {[%emt 0:31:04]} Qc1+ {[%emt 0:31:49]} 42. Kh2 {[%emt 0:00:23]} Ra8 {[%emt 0:01:37]} 43. Rh4 {[%emt 0:02:46]} Qg5 {[%emt 0:01:25]} 44. g3 {[%emt 0:00:00]} Ra1 {[%emt 0:00:00]} 45. Qb5 {[%emt 0:00:00]} Qd2 {[%emt 0:00:00]} 46. Qb8+ {[%emt 0:00:00]} Kc6 {[%emt 0:00:00]} 47. Rc4+ {[%emt 0:00:00]} Kd7 {[%emt 0:00:00]} 48. Qb7+ {[%emt 0:00:00]} Kd6 {[%emt 0:00:00]} 49. Rc6+ {[%emt 0:00:00]} Ke5 {[%emt 0:00:00]} 50. Qg7+ {[%emt 0:00:00]} Kf5 {[%emt 0:01:55]} 51. g4+ {[%emt 0:00:25]} Ke4 {[%emt 0:01:07]} 52. Rxe6+ $15 {[%emt 0:03:45]} ({White should try} 52. Qh7+ $11 Ke5 53. Qh5+ Kf6 54. Qh8+ Kf7 55. Qh7+ (55. Qxa1 Qxf2+ 56. Kh1 Qh4+ 57. Kg1 Qxg4+ 58. Kh2 Qf4+ 59. Kh1 Qh4+ 60. Kg1 Qg3+ 61. Kh1 Qh3+ 62. Kg1 Qe3+ 63. Kh1 Qh3+ 64. Kg1 Qg3+ 65. Kh1 Qf3+ 66. Kg1 Qg3+ $11) 55... Kf6 {[#]} 56. g5+ $1 {[%mdl 512]} Qxg5 57. Qh8+ Kg6 58. Qxa1 Qf4+ 59. Kg1 Qg4+ 60. Kh2 Qf4+ 61. Kg1 Qg4+ 62. Kh2 Qf4+) 52... Kf3 {[%emt 0:01:33]} 53. Qf7+ {[%emt 0:01:30]} (53. Qxa1 $2 {wird mattgesetzt.} Qxf2+ 54. Kh3 Qg3#) 53... Qf4+ {[%emt 0:01:23]} 54. Qxf4+ {[%emt 0:00:38]} Nxf4 {[%emt 0:00:04]} 55. Rc6 {[%emt 0:01:09]} Ra8 {[%emt 0:00:51]} 56. g5 {[%emt 0:01:12]} Rg8 {[%emt 0:00:59]} 0-1

[Event "WTCC-65 2018"]
[Site "Radebeul"]
[Date "2018.07.10"]
[Round "4"]
[White "Nehmert, Ulrich"]
[Black "Mishuchkov, Nikolai M"]
[Result "0-1"]
[WhiteElo "2220"]
[BlackElo "2311"]
[Annotator "NA"]
[PlyCount "58"]
[EventDate "2018.07.07"]
[EventType "team-tourn"]
[EventCountry "GER"]
[SourceTitle "playchess.com"]
[Source "ChessBase"]
[SourceQuality "1"]
[TimeControl "40/5400+30:1800+30"]

1. d4 {[%emt 0:00:00]} Nf6 {[%emt 0:00:00]} 2. Nf3 {[%emt 0:00:00]} d5 {[%emt 0:00:33]} 3. Bf4 {[%emt 0:00:20]} c5 {[%emt 0:00:19]} 4. e3 {[%emt 0:02:06]} Qb6 {[%emt 0:01:37]} 5. Nc3 {[%emt 0:00:53]} Bd7 {[%emt 0:03:18]} 6. Rb1 {[%emt 0:02:07]} e6 {[%emt 0:00:28]} 7. Be2 {[%emt 0:00:32]} Be7 {[%emt 0:01:58]} 8. O-O {[%emt 0:01:10]} O-O {[%emt 0:00:45]} 9. Ne5 {[%emt 0:07:14]} Rd8 {[%emt 0:17:19]} 10. dxc5 {[%emt 0:07:53]} Qxc5 {[%emt 0:03:43]} 11. Qd4 {[%emt 0:14:10]} Nc6 {[%emt 0:09:52]} 12. Qxc5 {[%emt 0:10:53]} Bxc5 {[%emt 0:00:06]} 13. a3 {[%emt 0:02:07]} Nxe5 {[%emt 0:09:59]} 14. Bxe5 {[%emt 0:00:04]} Bc6 {[%emt 0:00:07]} 15. Rfd1 {[%emt 0:05:50]} Nd7 {[%emt 0:00:53]} 16. Bc7 {[%emt 0:00:42]} Rdc8 {[%emt 0:00:05]} 17. Bg3 {[%emt 0:00:11]} Nb6 {[%emt 0:01:43]} 18. Bd3 {[%emt 0:05:35]} f6 {[%emt 0:11:50]} 19. e4 {[%emt 0:00:44]} d4 {[%emt 0:00:25]} 20. Nb5 {[%emt 0:00:41]} e5 {[%emt 0:03:22]} 21. c4 {[%emt 0:11:11]} a6 {[%emt 0:03:43]} 22. b4 {[%emt 0:00:22]} Bf8 {[%emt 0:02:51]} 23. Nd6 {[%emt 0:02:13]} Bxd6 {[%emt 0:00:15]} 24. c5 {[%emt 0:00:02]} Na4 {[%emt 0:10:27]} 25. cxd6 {[%emt 0:00:45]} Nc3 {[%emt 0:00:06]} 26. f4 {[%emt 0:00:14]} exf4 {[%emt 0:04:02]} 27. Bxf4 {[%emt 0:00:31]} Bb5 {[%emt 0:00:47]} 28. Bf1 {[%emt 0:05:27]} Re8 {[%emt 0:06:14]} 29. Rbc1 Nxd1 0-1

[Event "WTCC-65 2018"]
[Site "Radebeul"]
[Date "2018.07.10"]
[Round "4"]
[White "Emerson, Roger"]
[Black "Pushkov, Nikolai"]
[Result "0-1"]
[WhiteElo "2211"]
[BlackElo "2311"]
[Annotator "NA"]
[PlyCount "56"]
[EventDate "2018.07.07"]
[EventType "team-tourn"]
[EventCountry "GER"]
[SourceTitle "playchess.com"]
[Source "ChessBase"]
[SourceQuality "1"]
[TimeControl "40/5400+30:1800+30"]

1. e4 {[%emt 0:00:01]} e6 {[%emt 0:00:00]} 2. d4 {[%emt 0:00:12]} d5 {[%emt 0:00:00]} 3. Nd2 {[%emt 0:00:52]} a6 {[%emt 0:00:26]} 4. Ngf3 {[%emt 0:01:10]} c5 {[%emt 0:00:23]} 5. exd5 {[%emt 0:00:55]} exd5 {[%emt 0:00:03]} 6. Be2 {[%emt 0:00:20]} Nf6 {[%emt 0:01:42]} 7. O-O {[%emt 0:00:42]} c4 {[%emt 0:02:43]} 8. b3 {[%emt 0:01:52]} cxb3 {[%emt 0:00:02]} 9. c4 {[%emt 0:04:54]} Be7 {[%emt 0:01:40]} 10. axb3 {[%emt 0:10:42]} O-O {[%emt 0:01:33]} 11. Bd3 {[%emt 0:02:23]} Nc6 {[%emt 0:01:36]} 12. h3 {[%emt 0:06:11]} dxc4 {[%emt 0:03:37]} 13. Nxc4 {[%emt 0:00:23]} b5 {[%emt 0:00:51]} 14. Nce5 {[%emt 0:05:02]} Bb7 {[%emt 0:00:25]} 15. Bg5 {[%emt 0:00:19]} Nb4 {[%emt 0:09:02]} 16. Bb1 {[%emt 0:01:17]} h6 {[%emt 0:06:04]} 17. Bxf6 {[%emt 0:07:13]} Bxf6 {[%emt 0:00:12]} 18. Re1 {[%emt 0:00:47]} Qd6 {[%emt 0:02:51]} 19. Be4 {[%emt 0:05:16]} Bxe4 {[%emt 0:01:40]} 20. Rxe4 {[%emt 0:00:08]} Rac8 {[%emt 0:00:57]} 21. Qd2 {[%emt 0:04:46]} Rc2 {[%emt 0:03:11]} 22. Qf4 {[%emt 0:07:08]} Rfc8 {[%emt 0:06:04]} 23. Rae1 {[%emt 0:03:12]} Nd5 {[%emt 0:04:53]} 24. Qf5 {[%emt 0:00:44]} Rc1 {[%emt 0:01:08]} 25. g4 {[%emt 0:05:25]} Qe6 {[%emt 0:05:23]} 26. Qh5 {[%emt 0:00:10]} Rxe1+ {[%emt 0:01:17]} 27. Nxe1 {[%emt 0:02:23]} Bg5 {[%emt 0:02:08]} 28. N1f3 {[%emt 0:02:15]} Nf6 {[%emt 0:00:18]} 0-1

[Event "WTCC-65 2018"]
[Site "Radebeul"]
[Date "2018.07.10"]
[Round "4"]
[White "Watzka, Horst"]
[Black "Renman, Nils-Gustaf"]
[Result "1-0"]
[WhiteElo "2194"]
[BlackElo "2343"]
[Annotator "NA"]
[PlyCount "54"]
[EventDate "2018.07.07"]
[EventType "team-tourn"]
[EventCountry "GER"]
[SourceTitle "playchess.com"]
[Source "ChessBase"]
[SourceQuality "1"]
[TimeControl "40/5400+30:1800+30"]

1. e4 {[%emt 0:00:00]} e6 {[%emt 0:00:00]} 2. d4 {[%emt 0:00:00]} d5 {[%emt 0:00:00]} 3. Nd2 {[%emt 0:00:36]} c5 {[%emt 0:00:32]} 4. exd5 {[%emt 0:01:04]} Qxd5 {[%emt 0:00:09]} 5. Ngf3 {[%emt 0:04:55]} cxd4 {[%emt 0:00:09]} 6. Bc4 {[%emt 0:00:11]} Qd6 {[%emt 0:00:04]} 7. O-O {[%emt 0:00:17]} Nf6 {[%emt 0:00:25]} 8. Nb3 {[%emt 0:00:48]} Nc6 {[%emt 0:00:07]} 9. Nbxd4 {[%emt 0:02:00]} Nxd4 {[%emt 0:00:10]} 10. Qxd4 {[%emt 0:02:03]} Qxd4 {[%emt 0:06:36]} 11. Nxd4 {[%emt 0:00:09]} Bd7 {[%emt 0:05:03]} 12. c3 {[%emt 0:12:56]} Bc5 {[%emt 0:03:00]} 13. Rd1 {[%emt 0:17:09]} O-O-O {[%emt 0:07:09]} 14. Bf4 {[%emt 0:14:25]} Ba4 {[%emt 0:20:12]} 15. Bb3 {[%emt 0:03:01]} Bxb3 {[%emt 0:07:10]} 16. Nxb3 {[%emt 0:00:13]} Bb6 {[%emt 0:00:23]} 17. Kf1 {[%emt 0:04:23]} Rd5 {[%emt 0:07:19]} 18. Rxd5 {[%emt 0:02:45]} Nxd5 {[%emt 0:00:10]} 19. Bg3 {[%emt 0:01:20]} Rd8 {[%emt 0:01:39]} 20. Ke2 {[%emt 0:01:23]} f6 {[%emt 0:01:22]} 21. Rd1 {[%emt 0:09:27]} e5 {[%emt 0:01:05]} 22. Nd2 {[%emt 0:01:20]} Bc5 {[%emt 0:09:18]} 23. Ne4 {[%emt 0:06:45]} Be7 {[%emt 0:02:00]} 24. c4 {[%emt 0:00:26]} Nb4 {[%emt 0:00:54]} 25. Rxd8+ {[%emt 0:00:27]} Kxd8 {[%emt 0:00:26]} 26. Nc3 {[%emt 0:00:15]} Kd7 {[%emt 0:10:59]} 27. f4 {[%emt 0:01:23]} Ke8 1-0

[Event "WTCC-65 2018"]
[Site "Radebeul"]
[Date "2018.07.10"]
[Round "4"]
[White "Mueller, Horst"]
[Black "Donchenko, Anatoly"]
[Result "1/2-1/2"]
[WhiteElo "2180"]
[BlackElo "2301"]
[Annotator "NA"]
[PlyCount "93"]
[EventDate "2018.07.07"]
[EventType "team-tourn"]
[EventCountry "GER"]
[SourceTitle "playchess.com"]
[Source "ChessBase"]
[SourceQuality "1"]
[TimeControl "40/5400+30:1800+30"]

1. c4 {[%emt 0:00:00]} e6 {[%emt 0:00:00]} 2. Nf3 {[%emt 0:00:00]} d5 {[%emt 0:00:11]} 3. cxd5 {[%emt 0:00:34]} exd5 {[%emt 0:00:13]} 4. d4 {[%emt 0:00:03]} c6 {[%emt 0:01:21]} 5. Nc3 {[%emt 0:00:14]} Bf5 {[%emt 0:00:22]} 6. g3 {[%emt 0:01:23]} Bd6 {[%emt 0:01:03]} 7. Bg2 {[%emt 0:00:09]} Nf6 {[%emt 0:00:41]} 8. O-O {[%emt 0:00:16]} O-O {[%emt 0:04:31]} 9. Nh4 {[%emt 0:07:18]} Bc8 {[%emt 0:02:47]} 10. Qc2 {[%emt 0:02:40]} Re8 {[%emt 0:00:28]} 11. Bg5 {[%emt 0:04:13]} Na6 {[%emt 0:04:35]} 12. Rad1 {[%emt 0:02:18]} Be7 {[%emt 0:03:18]} 13. Rfe1 {[%emt 0:14:07]} g6 {[%emt 0:04:02]} 14. e4 {[%emt 0:15:24]} dxe4 {[%emt 0:03:09]} 15. Nxe4 {[%emt 0:04:40]} Be6 {[%emt 0:05:54]} 16. a3 {[%emt 0:03:48]} Nxe4 {[%emt 0:04:05]} 17. Bxe7 {[%emt 0:00:33]} Rxe7 {[%emt 0:00:43]} 18. Bxe4 {[%emt 0:01:29]} Nc7 {[%emt 0:02:03]} 19. Ng2 {[%emt 0:02:25]} Rd7 {[%emt 0:02:26]} 20. Qc5 {[%emt 0:05:29]} Bd5 {[%emt 0:04:24]} 21. Nf4 {[%emt 0:02:41]} Ne6 {[%emt 0:00:37]} 22. Nxe6 {[%emt 0:02:18]} Bxe6 {[%emt 0:00:10]} 23. Rd2 {[%emt 0:04:03]} Bd5 {[%emt 0:07:52]} 24. Bxd5 {[%emt 0:07:19]} Rxd5 {[%emt 0:00:11]} 25. Qe7 {[%emt 0:01:37]} Qd7 {[%emt 0:06:12]} 26. Re5 {[%emt 0:07:04]} Rd8 {[%emt 0:01:24]} 27. Qf6 {[%emt 0:02:14]} Rxe5 {[%emt 0:00:36]} 28. Qxe5 {[%emt 0:00:17]} Qd5 {[%emt 0:00:49]} 29. Re2 {[%emt 0:02:12]} a5 {[%emt 0:05:45]} 30. Qxd5 {[%emt 0:03:38]} Rxd5 {[%emt 0:00:09]} 31. Re5 {[%emt 0:00:07]} Rxd4 {[%emt 0:08:58]} 32. Rxa5 {[%emt 0:00:03]} b5 {[%emt 0:00:39]} 33. Ra7 {[%emt 0:02:19]} Rd2 {[%emt 0:00:53]} 34. b4 {[%emt 0:00:10]} Kg7 {[%emt 0:00:50]} 35. Kg2 {[%emt 0:00:07]} Rd3 {[%emt 0:00:12]} 36. Kf1 {[%emt 0:00:33]} Rc3 {[%emt 0:00:55]} 37. Ke2 {[%emt 0:00:18]} g5 {[%emt 0:00:52]} 38. h3 {[%emt 0:00:25]} h5 {[%emt 0:00:12]} 39. Kd2 {[%emt 0:00:34]} Rc4 {[%emt 0:00:44]} 40. Rd7 {[%emt 0:00:56]} h4 {[%emt 0:00:35]} 41. Rd3 {[%emt 0:31:00]} Kf6 {[%emt 0:32:35]} 42. Rf3+ {[%emt 0:01:31]} Ke6 {[%emt 0:00:18]} 43. Re3+ {[%emt 0:00:16]} Kd5 {[%emt 0:00:34]} 44. Rf3 {[%emt 0:00:24]} Ke6 {[%emt 0:01:18]} 45. Re3+ {[%emt 0:02:39]} Kd5 {[%emt 0:07:07]} 46. Rf3 {[%emt 0:00:31]} Ke6 {[%emt 0:06:26]} 47. Re3+ {[%emt 0:00:28]} 1/2-1/2

[Event "WTCC-65 2018"]
[Site "Radebeul"]
[Date "2018.07.10"]
[Round "4"]
[White "Wahlbom, Magnus"]
[Black "Nickl, Klaus"]
[Result "1-0"]
[WhiteElo "2172"]
[BlackElo "2026"]
[Annotator "NA"]
[PlyCount "99"]
[EventDate "2018.07.07"]
[EventType "team-tourn"]
[EventCountry "GER"]
[SourceTitle "playchess.com"]
[Source "ChessBase"]
[SourceQuality "1"]
[TimeControl "40/5400+30:1800+30"]

1. e4 {[%emt 0:00:00]} e6 {[%emt 0:00:00]} 2. d4 {[%emt 0:00:00]} d5 {[%emt 0:00:00]} 3. Nc3 {[%emt 0:00:04]} dxe4 {[%emt 0:00:03]} 4. Nxe4 {[%emt 0:00:08]} Nd7 {[%emt 0:00:10]} 5. Nf3 {[%emt 0:00:16]} Ngf6 {[%emt 0:00:10]} 6. Nxf6+ {[%emt 0:00:25]} Nxf6 {[%emt 0:00:12]} 7. Bd3 {[%emt 0:01:32]} c5 {[%emt 0:02:09]} 8. dxc5 {[%emt 0:00:56]} Bxc5 {[%emt 0:00:13]} 9. O-O {[%emt 0:01:06]} O-O {[%emt 0:01:44]} 10. b3 {[%emt 0:03:12]} b6 {[%emt 0:04:28]} 11. Bb2 {[%emt 0:01:54]} Bb7 {[%emt 0:00:16]} 12. Qe2 {[%emt 0:03:46]} Qd5 {[%emt 0:02:27]} 13. Bxf6 {[%emt 0:30:32]} gxf6 {[%emt 0:00:13]} 14. Rad1 {[%emt 0:00:07]} Qh5 {[%emt 0:01:06]} 15. Be4 {[%emt 0:00:07]} Bxe4 {[%emt 0:08:50]} 16. Qxe4 {[%emt 0:00:07]} a5 {[%emt 0:02:00]} 17. Rd3 {[%emt 0:08:12]} Rad8 {[%emt 0:04:50]} 18. Rfd1 {[%emt 0:02:24]} Rxd3 {[%emt 0:02:18]} 19. Rxd3 {[%emt 0:01:09]} Qh6 {[%emt 0:01:38]} 20. Qe1 {[%emt 0:01:36]} Qf4 {[%emt 0:05:42]} 21. c3 {[%emt 0:04:44]} e5 {[%emt 0:04:31]} 22. Qd2 {[%emt 0:05:49]} Qxd2 {[%emt 0:06:14]} 23. Nxd2 {[%emt 0:00:23]} Be7 {[%emt 0:03:44]} 24. Kf1 {[%emt 0:02:41]} Rd8 {[%emt 0:00:14]} 25. Ke2 {[%emt 0:00:34]} f5 {[%emt 0:03:33]} 26. Rxd8+ {[%emt 0:12:38]} Bxd8 {[%emt 0:00:15]} 27. a4 {[%emt 0:00:35]} f6 {[%emt 0:01:14]} 28. Kd3 {[%emt 0:01:29]} f4 {[%emt 0:08:40]} 29. Ke4 {[%emt 0:01:03]} Kf7 {[%emt 0:01:00]} 30. Kf5 {[%emt 0:01:06]} Ke7 {[%emt 0:01:41]} 31. f3 {[%emt 0:00:48]} Kf7 {[%emt 0:00:25]} 32. b4 {[%emt 0:07:42]} Ke7 {[%emt 0:10:12]} 33. bxa5 {[%emt 0:00:32]} bxa5 {[%emt 0:00:02]} 34. Ne4 {[%emt 0:00:08]} Kd7 {[%emt 0:02:03]} 35. Nxf6+ {[%emt 0:02:56]} Bxf6 {[%emt 0:00:13]} 36. Kxf6 {[%emt 0:00:09]} Kd6 {[%emt 0:00:17]} 37. Kf5 {[%emt 0:00:48]} Kd5 {[%emt 0:00:19]} 38. g4 {[%emt 0:01:26]} fxg3 {[%emt 0:02:02]} 39. hxg3 {[%emt 0:00:08]} Kc4 {[%emt 0:06:10]} 40. Kxe5 {[%emt 0:00:19]} Kb3 {[%emt 0:00:26]} 41. f4 {[%emt 0:31:14]} Kxa4 {[%emt 0:30:08]} 42. f5 {[%emt 0:00:13]} Kb3 {[%emt 0:00:09]} 43. f6 {[%emt 0:00:09]} a4 {[%emt 0:00:06]} 44. f7 {[%emt 0:00:05]} a3 {[%emt 0:00:07]} 45. f8=Q {[%emt 0:00:05]} a2 {[%emt 0:00:09]} 46. Qb4+ {[%emt 0:00:14]} Kc2 {[%emt 0:00:12]} 47. Qa4+ {[%emt 0:00:07]} Kb2 {[%emt 0:00:06]} 48. c4 {[%emt 0:00:05]} a1=Q {[%emt 0:00:08]} 49. Qxa1+ {[%emt 0:00:05]} Kxa1 {[%emt 0:00:08]} 50. c5 1-0